000
00323nam a22001337a 4500
020
_a
0349106002
082
_a
843.2
100
_a
Maalouf, Amin
245
_a
Leo the African
_c
Amin Maalouf
260
_a
London
_b
Abacus
_c
1986
300
_a
360p
942
_2
ddc
_c
BK
999
_c
586285
_d
586285